| 000 | 005180000a22001690004500 | ||
|---|---|---|---|
| 060 | _a100 | ||
| 082 | _a300.72 BLA | ||
| 100 | _aBlalock, Ann B | ||
| 100 | _aBlalock, Jr Hubert M | ||
| 245 | _aMethodology in social research | ||
| 260 | _aNewyork, Mc Graw- Hill Book Company Inc | ||
| 260 | _c1968 | ||
| 300 | _a493 | ||
| 490 | _aMc Graw- Hill series in sociology | ||
| 650 | _aSocial research- Methodology/ Social stratification/ Simpling theory/ Correlation analysis/ Cultural anthropology/ | ||
| 942 | _cBK | ||
| 999 |
_c348918 _d348918 |
||